Entry Personal Name
Number of records used in: 1
001 - CONTROL NUMBER
003 - CONTROL NUMBER IDENTIFIER
005 - DATE AND TIME OF LATEST TRANSACTION
- control field:
20231123155626.0
008 - FIXED-LENGTH DATA ELEMENTS
- fixed length control field:
870324n| acannaab| |a aaa ||| c
010 ## - LIBRARY OF CONGRESS CONTROL NUMBER
- LC control number:
n 86023921
040 ## - CATALOGING SOURCE
- Original cataloging agency:
NjP
- Transcribing agency:
DLC
- Modifying agency:
DLC
100 10 - HEADING--PERSONAL NAME
- Personal name:
Sriram, D.
400 10 - SEE FROM TRACING--PERSONAL NAME
- Personal name:
Sriram, Duvvuru
670 ## - SOURCE DATA FOUND
- Source citation:
Artificial intelligence in engineering problems, 1986:
- Information found:
t.p. (D. Sriram) p. 355 (Dept. of Civil Eng., Carnegie-Mellon University, Pittsburg, PA)
670 ## - SOURCE DATA FOUND
- Source citation:
Computer-aided cooperative product development, c1991:
- Information found:
CIP t.p. (D. Sriram) t.p. verso (Duvvuru Sriram; Mass. Inst. of Technology, Cambridge, Mass.) data sheet (b. 08-01-57)